00405nam a2200169Ia 450000500170000000800410001702000100005804000190006804100120008708200130009910000160011224500460012826000280017430000110020265000120021385000100022520241129131136.0131103s9999 xx 000 0 und d cRs.18 aLoreto College aEnglish a900bMIN aS S, Minhas 4aThe Gem guide to ICSE HistorycMinhas S S aIndiabMonga Bookc1987 a160p.  aHistory aLCBED